Car logo quiz - Statistics

General Stats
  • This quiz has been taken 108 times
  • The average score is 27 of 32
Answer Stats
Picture Answer % Correct
Honda
98%
BMW
95%
Ford
95%
Audi
94%
Toyota
94%
Volkswagen
94%
Jeep
93%
Volvo
93%
Jaguar
91%
KIA
91%
Chevrolet
90%
Ferrari
90%
Tesla
90%
Lexus
89%
Mercedes
89%
Rolls Royce
89%
Porsche
88%
Mazda
86%
Mitsubishi
85%
Subaru
85%
Bentley
84%
Lamborghini
84%
Dodge Ram
81%
Fiat
80%
Cadillac
77%
Maserati
77%
MINI Cooper
75%
infiniti
74%
Aston Martin
73%
Acura
72%
Buick
67%
Bugatti
65%
No matching quizzes found
Score Distribution
Percent of People with Each Score
Percentile by Number Answered
Your Score History
You have not taken this quiz